000 00288nam a22001337a 4500
008 171227b xxu||||| |||| 00| 0 eng d
020 _a3829004389
041 _aeng
080 _a612.39
100 _a10
101 _aNUT
245 _aALL AROUND FITNESS
_cBARTECK,O
942 _2udc
_cBK
999 _c39492
_d39492